Normal view
MARC view
- Akkizidis, Ioannis, Khandelwal, Sunil Kumar
Entry Personal Name
001 - CONTROL NUMBER
- control field: 64439
003 - CONTROL NUMBER IDENTIFIER
- control field: NUST
005 - DATE AND TIME OF LATEST TRANSACTION
- control field: 20210628203255.0
008 - FIXED-LENGTH DATA ELEMENTS
- fixed length control field: 210628|| aca||aabn | a|a d
040 ## - CATALOGING SOURCE
- Original cataloging agency: NUST
- Transcribing agency: NUST
100 ## - HEADING--PERSONAL NAME
- Personal name: Akkizidis, Ioannis, Khandelwal, Sunil Kumar
670 ## - SOURCE DATA FOUND
- Source citation: Work cat.: (NUST): Akkizidis, Ioannis, Khandelwal, Sunil Kumar, Financial risk management for islamic banking and finance, 2008
